| 000 | 00596nam a22001937a 4500 | ||
|---|---|---|---|
| 005 | 20170221123118.0 | ||
| 008 | 170221b xxu||||| |||| 00| 0 eng d | ||
| 020 | _a9780198089551 | ||
| 040 | _cPK-LaUMT | ||
| 082 |
_a954.035 _bOGD-H |
||
| 100 | _aOgden , Chris | ||
| 245 |
_aHindu nationalism and the evolution of contemporary Indian security: _bportents of power/ _cChris Ogden |
||
| 260 |
_aNew Delhi: _bOxfrod University, _c2014 |
||
| 300 | _a257 p. | ||
| 490 | _aIRSA the Oxford international relations in South Asia series | ||
| 546 | _aEN | ||
| 650 | _aNationalism India | ||
| 942 | _cBK | ||
| 999 |
_c91092 _d91092 |
||